=LDR 00000nam 2200000 4500 =001 INLIS000000000024013 =005 20130612122627 =008 ***********************************Eng** =035 ##$$0010-061300000024013 =041 ##$$a Eng =082 ##$$a 651.75 =090 ##$$a 651.75, Kin e =100 ##$$a King, F.W =245 ##$$a Englis business letters, F.W.King =260 ##$$a 1979 $b Singafore =300 ##$$a 162 hlm, 18 cm =650 ##$$a English business =850 ##$$a NBPNMAT